| 000 -LEADER |
| fixed length control field |
00608nam a22001577a 4500 |
| 008 - FIXED-LENGTH DATA ELEMENTS--GENERAL INFORMATION |
| fixed length control field |
110511t xxu||||| |||| 00| 0 eng d |
| 040 ## - CATALOGING SOURCE |
| Original cataloging agency |
|
| 050 ## - LIBRARY OF CONGRESS CALL NUMBER |
| Classification number |
BV 4501.2 |
| Item number |
.W37 T9 |
| 100 ## - MAIN ENTRY--PERSONAL NAME |
| Personal name |
Ward, C.M. |
| 9 (RLIN) |
1150 |
| Titles and other words associated with a name |
Revivaltime speaker |
| Fuller form of name |
Charles Morris |
| 245 ## - TITLE STATEMENT |
| Title |
These all died in faith. |
| Statement of responsibility, etc |
Also, "The reason", "What constitutes a Christian experience?", "A cloud and a pillar of fire". Revivaltime sermons of the month. |
| 260 ## - PUBLICATION, DISTRIBUTION, ETC. (IMPRINT) |
| Place of publication, distribution, etc |
Springfield, MO |
| Name of publisher, distributor, etc |
Assemblies of God |
| Date of publication, distribution, etc |
1955 |
| 300 ## - PHYSICAL DESCRIPTION |
| Extent |
36 p. |
| Dimensions |
20 cm. |
| 650 ## - SUBJECT ADDED ENTRY--TOPICAL TERM |
| Topical term or geographic name as entry element |
Christian life |
| General subdivision |
Sermons. |
| 9 (RLIN) |
1152 |
| 650 ## - SUBJECT ADDED ENTRY--TOPICAL TERM |
| Topical term or geographic name as entry element |
Missioniaries |
| General subdivision |
Sermons. |
| 9 (RLIN) |
1198 |
| 942 ## - ADDED ENTRY ELEMENTS (KOHA) |
| Source of classification or shelving scheme |
|
| Item type |
Books |